Alle Zelda Spiele - Statistiken

Allgemein
  • Dieses Quiz wurde 2.827 mal gespielt
    2.064 seit der letzten Aktualisierung
  • Das Durchschnittsergebnis liegt bei 9 aus 20
Antwortstatistiken
Jahr Plattform Antwort % Korrekt
2017 Wii U/Switch Breath of the Wild
84%
1998 Nintendo 64 Ocarina of Time
83%
2023 Switch Tears of the Kingdom
69%
2000 Nintendo 64 Majora‘s Mask
66%
2003 GameCube The Wind Waker
63%
1986 NES The Legend of Zelda
61%
2006 GameCube/Wii Twilight Princess
55%
1991 SNES A Link to the Past
54%
2011 Wii Skyward Sword
50%
1993 Gameboy Link‘s Awakening
49%
2013 3DS A Link Between Worlds
38%
2009 DS Spirit Tracks
36%
2007 DS Phantom Hourglass
35%
2004 Gameboy Advance The Minish Cap
35%
1987 NES Zelda II: The Adventure of Link
34%
2005 GameCube Four Swords Adventures
30%
2001 Gameboy Color Oracle of Seasons
27%
2024 Switch Echoes of Wisdom
26%
2001 Gameboy Color Oracle Of Ages
25%
2015 3DS Tri Force Heroes
21%
Keine übereinstimmenden Quizze gefunden
Verteilung der Resultate
Anzahl Personen mit jedem Resultat
Perzentil nach korrekt beantworteten Fragen
Ihre Resultats-Entwicklung
Sie haben dieses Quiz seit der letzten Aktualisierung nicht gespielt